00778nam a22002297a 4500999001900000005001700019010001300036020000900049035001300058037000800071082001200079100001700091245009800108260004600206270006300252300002500315500001500340500001200355500002500367942002600392952013000418 c190819d19081920220805124922.0 ab-011654 c0.00 ab-011654 adpl a954.021 aHabib, Irfan aMEDIEVAL INDIA 1 :bResearches in the History of India 1200-1750/cedited by Irfan HabibhEN aNew DelhibOxford university Pressc1992 aYMCA Library Building, Jai Singh Road, bNew Delhie110001 avii,225p.c20cm(hbk) aDocuments  aReviews aList of Contributors 2ddccENmHABh954.021 001040708NFICaBL4bBL4d2022-08-05g0.00l1o954.021 HABpb-011654r2024-03-28 00:00:00s2024-01-31v0.00w2022-08-05yEN